| 000 | 00420nam a2200157Ia 4500 | ||
|---|---|---|---|
| 005 | 20240912120448.0 | ||
| 008 | 240806s9999||||xx |||||||||||||| ||eng|| | ||
| 041 | _aeng | ||
| 082 |
_a891.433 _bSAVM |
||
| 100 | _aSawant, Shiva Ji ; Shiv Raj, Om | ||
| 245 | 0 |
_aMrityunjay / _cSawant, Shiva Ji ; Shiv Raj, Om |
|
| 260 | _bBharateey Gyanpeeth Prakashan, New Delhi700p. | ||
| 300 | _a700 | ||
| 650 | _aHindi | ||
| 942 | _cBK | ||
| 999 |
_c16235 _d16235 |
||